山手線沿線駅外観クイズ(ヒントあり) - Statistics

General Stats
  • This quiz has been taken 141 times
  • The average score is 7 of 10
Answer Stats
Picture Hint Answer % Correct
銀座が近い 有楽町駅
91%
鉄道の中心地 東京駅
90%
電気街 秋葉原駅
89%
宮廷ホームがある 原宿駅
79%
単独駅で乗車人数がワースト2位 鶯谷駅
76%
周辺に大学が多い 神田駅
67%
○○駅の北側にあるのにこの名前 西日暮里駅
66%
六義園の最寄り 駒込駅
64%
ガーデンプレイス 恵比寿駅
60%
東京都庭園美術館の最寄り駅 目黒駅
53%
No matching quizzes found
Score Distribution
Percent of People with Each Score
Percentile by Number Answered
Your Score History
You have not taken this quiz